02379nam a2200673 a 4500008004100000020001500041041000800056100003300064245011100097250002300208260002700231300001100258500013600269653002700405653002400432653001000456653001900466653001900485653002200504653001600526653002100542653001500563653002600578653002600604653002500630653002000655653002300675653002000698653002100718653003000739653001000769653003600779653003000815653001700845653004200862653002900904653003200933653002400965653002200989653003701011653005201048653006501100653001301165653003701178653003001215653002801245653002101273653004601294653002601340653001101366653004401377653003501421653001701456653002601473653004701499653004301546653006901589653004701658180307e1999 ck ||||f |||| 001 0 spa d a9589400248 aspa1 aVélez Correa, Luis Alfonso aÉtica Médica.bInterrogantes acerca de la medicina, la vida y la muerte /cLuis Alfonso Vélez Correa a2a. ed. 2da reimp. aColombia:bCIB;c1999. a294 p. aVélez Correa, L. A. (1999). Ética Médica. Interrogantes acerca de la medicina, la vida y la muerte. (2a ed.). Colombia : CIB. aNaturaleza de la etica aPrincipios éticos aMoral aNormas morales aProgreso moral aEtica dialógica aActo humano aConciencia moral aActo moral aResponsabilidad moral aNecesidad de la etica aUtilidad de la etica aEtica y ciencia aMoral y religión aMoral y derecho aEtica y medicina aNaturaleza del ser humano aSalud aEnfermedad, dolor y sufrimiento aNaturaleza de la medicina4 aSer médico aRelación médico-paciente-sociedad aConcentimiento informado aManipulación del paciente aSecreto profesional aColelaje médico aMedicina y beneficio económico aEtica en la gestión de los servicios de salud aDistribución y racionalización de los servicios de salud aPlacebos aInvestigación en seres humanos aManipulación genética aControl de la natalidad aEsterilización aInseminación y fecundación artificial aGestación subrogada aAborto aProblemas eticos alrededor de la muerte aEl médico frente a la muerte aTransplantes aJuramento Hipocratico aRegulaciones en tiempo de conflicto armado aDeclaración de Tokio (sobre tortura) aDeclaración de Helsinki (sobre la investigación biomédica) aLey 23 de 1981, normas de ética médica